header

Dante's pluralism and the Islamic philosophy of religion (Record no. 189307)

MARC details
000 -LEADER
fixed length control field 01370nam a2200349Ia 4500
100 1# - MAIN ENTRY--AUTHOR NAME
Personal name Stone, Gregory B.,
245 10 - TITLE STATEMENT
Title Dante's pluralism and the Islamic philosophy of religion
250 ## - EDITION STATEMENT
Edition statement 1st ed.
260 ## - PUBLICATION, DISTRIBUTION, ETC. (IMPRINT)
Place of publication New York :
Name of publisher Palgrave Macmillan,
Year of publication 2006.
300 ## - PHYSICAL DESCRIPTION
Number of Pages 326 p.
490 1# - SERIES STATEMENT
Series statement The new Middle Ages
650 #0 - SUBJECT ADDED ENTRY--TOPICAL TERM
Topical Term Islamic eschatology in literature.
856 40 - ELECTRONIC LOCATION AND ACCESS
Uniform Resource Identifier http://site.ebrary.com/lib/rucke/Doc?id=10135707

No items available.

© 2026 Rongo University
Contact us: librarian | system librarian | Rongo university